| 000 | 00500nam a22002177a 4500 | ||
|---|---|---|---|
| 003 | UA-OsUOA | ||
| 001 | 16855 | ||
| 007 | ta | ||
| 008 | 20031014b un ||||| |||| 00| 0 ukr d | ||
| 090 | _bЖ-723 | ||
| 942 | _cBK | ||
| 040 |
_aUA-OsUOA _bukr _cUA-OsUOA _dUA-OsUOA |
||
| 245 | _aСпогади про Юрія Жилка | ||
| 300 | _a32 с. | ||
| 955 | _a0 | ||
| 041 | _aukr | ||
| 591 | _a83.3(4Укр)6 | ||
| 260 |
_aКостопіль _c2003 |
||
| 044 | _aUA | ||
| 650 | 7 |
_aЖилко Ю. _2UDC |
|
| 999 |
_c303022 _d303022 |
||